[Event "Junior Online 4NCL Division 5"]
[Site "online"]
[Date "2020.05.28"]
[Round "7.127"]
[White "Madoc, Arthur"]
[Black "Rivera Machens, Rafael"]
[Result "0-1"]
[WhiteElo "1262"]
[BlackElo "1067"]
[PlyCount "194"]
[EventDate "2020.05.28"]
[WhiteTeam "St Mary's Harborne"]
[BlackTeam "Ojays H"]

1. e4 c5 2. Bc4 e6 3. Nf3 Nc6 4. O-O d5 5. exd5 exd5 6. Bd3 Bg4 7. h3 Bh5 8.
Be2 c4 9. Nc3 Bc5 10. d3 Nf6 11. dxc4 dxc4 12. Qxd8+ Rxd8 13. g4 Bg6 14. Bxc4
Bxc2 15. Re1+ Ne7 16. Bg5 h6 17. Bxf6 gxf6 18. Nd5 Rg8 19. Nxe7 Bxe7 20. Rac1
Ba4 21. b3 Bc6 22. Nh2 b5 23. Bf1 Kf8 24. Rxc6 Rd2 25. Ra6 Bc5 26. Re2 Rxe2 27.
Bxe2 Kg7 28. Bxb5 Rd8 29. Kg2 Rd2 30. Kf3 Rxf2+ 31. Kg3 h5 32. b4 Bd4 33. Rd6
Rd2 34. Nf3 Bf2+ 35. Kg2 Rxd6 36. Kxf2 hxg4 37. hxg4 Rb6 38. Nd4 a6 39. Bd3
Rxb4 40. Nc2 Rxg4 41. Bxa6 Ra4 42. Bd3 Rxa2 43. Kf3 Ra5 44. Kf4 Ra4+ 45. Kf5
Ra5+ 46. Kf4 Kh6 47. Nd4 Ra4 48. Ke4 Kg5 49. Bb5 f5+ 50. Kf3 Rxd4 51. Be8 Rd3+
52. Ke2 Rh3 53. Bxf7 Rh2+ 54. Kf3 f4 55. Be6 Rh1 56. Bd7 Rf1+ 57. Ke2 Rh1 58.
Kf3 Rf1+ 59. Ke2 Rg1 60. Kf3 Kh4 61. Kxf4 Rf1+ 62. Ke4 Kg3 63. Be6 Rf4+ 64. Ke3
Rf3+ 65. Ke4 Rf8 66. Ke5 Re8 67. Kd5 Kf3 68. Bf7 Rd8+ 69. Ke6 Ke4 70. Bg6+ Kf4
71. Kf6 Rf8+ 72. Ke6 Kg5 73. Be4 Rf6+ 74. Ke5 Ra6 75. Kd4 Ra4+ 76. Ke3 Kg4 77.
Bf3+ Kg3 78. Bd5 Ra3+ 79. Kd4 Kf4 80. Kc5 Ke5 81. Bf3 Rc3+ 82. Kb6 Rxf3 83. Kc5
Rc3+ 84. Kb4 Kd4 85. Kb5 Rc4 86. Kb6 Kd5 87. Kb5 Rc1 88. Kb4 Rc5 89. Kb3 Rc4
90. Kb2 Kd4 91. Kb3 Kd3 92. Kb2 Rc3 93. Kb1 Kd2 94. Kb2 Rd3 95. Kb1 Rb3+ 96.
Ka2 Kc2 97. Ka1 Ra3# 0-1

[Event "Junior Online 4NCL Division 5"]
[Site "online"]
[Date "2020.05.28"]
[Round "7.128"]
[White "Terrado, Rhianne"]
[Black "Mykhnenko, Marijka"]
[Result "1-0"]
[WhiteElo "1120"]
[BlackElo "1015"]
[PlyCount "88"]
[EventDate "2020.05.28"]
[WhiteTeam "Ojays H"]
[BlackTeam "St Mary's Harborne"]

1. e4 e5 2. Bc4 Nf6 3. Nc3 Nc6 4. Nf3 Nxe4 5. Nxe4 d5 6. Bd3 dxe4 7. Bxe4 Bg4
8. h3 Bh5 9. a3 Nd4 10. g4 Nxf3+ 11. Qxf3 Bg6 12. Bxb7 Rb8 13. Bc6+ Ke7 14. d3
f6 15. h4 Be8 16. Bd5 Ba4 17. g5 Bxc2 18. gxf6+ gxf6 19. b3 Bxb3 20. Be4 Bf7
21. Qd1 Bg6 22. Bxg6 hxg6 23. Bb2 g5 24. Rb1 Rxh4 25. Rxh4 gxh4 26. Qf3 Ke8 27.
Qh5+ Ke7 28. Qxh4 Qxd3 29. Qh7+ Qxh7 30. Rc1 Ke6 31. Ba1 Rb1 32. Kd2 Rxc1 33.
Kxc1 Bxa3+ 34. Kd1 Qb1+ 35. Kd2 Qxa1 36. Kc2 c5 37. Kb3 Qb2+ 38. Kc4 Qb4+ 39.
Kd3 c4+ 40. Kc2 Qb3+ 41. Kd2 c3+ 42. Kd3 c2+ 43. Kd2 c1=Q+ 44. Ke2 Qbd1# 1-0

[Event "Junior Online 4NCL Division 5"]
[Site "online"]
[Date "2020.05.28"]
[Round "7.131"]
[White "Chen, Zian Eric"]
[Black "Rajesh, Shradha"]
[Result "0-1"]
[WhiteElo "1315"]
[BlackElo "1240"]
[PlyCount "76"]
[EventDate "2020.05.28"]
[WhiteTeam "Surbiton Juniors B"]
[BlackTeam "Harrow Juniors E"]

1. e4 c5 2. Nf3 Nc6 3. Bb5 e5 4. Bxc6 bxc6 5. Nxe5 Nf6 6. Nc3 Bd6 7. Nf3 Ba6 8.
d4 cxd4 9. Nxd4 Bc7 10. Nce2 O-O 11. O-O Qe7 12. Bg5 h6 13. Bxf6 Qxf6 14. Re1
Qe5 15. Nf3 Qxe4 16. Qxd7 Bb6 17. Ned4 Qg6 18. Ne5 Qf6 19. Ndf3 Bb5 20. b3 Rfd8
21. Qg4 Re8 22. c4 Ba6 23. h3 Bd4 24. Nxd4 Rxe5 25. Rxe5 Qxe5 26. Rd1 Rd8 27.
g3 c5 28. Nf3 Rxd1+ 29. Kg2 Bb7 30. Kh2 Bxf3 31. Qxf3 Qa1 32. h4 Qd4 33. Qa8+
Kh7 34. Qxa7 Qxf2+ 35. Kh3 Rh1+ 36. Kg4 f5+ 37. Kh5 Qxg3 38. Qxc5 Qg4# 0-1

[Event "Junior Online 4NCL Division 5"]
[Site "online"]
[Date "2020.05.28"]
[Round "7.132"]
[White "Cann, Arthur"]
[Black "Baguley, Rory"]
[Result "0-1"]
[WhiteElo "1240"]
[BlackElo "1187"]
[PlyCount "86"]
[EventDate "2020.05.28"]
[WhiteTeam "Harrow Juniors E"]
[BlackTeam "Surbiton Juniors B"]

1. e4 e5 2. Nf3 Nc6 3. Bb5 d6 4. Nc3 Nf6 5. d4 exd4 6. Nxd4 Bd7 7. Bg5 Be7 8.
O-O O-O 9. Nxc6 Bxc6 10. Bxc6 bxc6 11. b4 d5 12. exd5 cxd5 13. Nb5 Bxb4 14. Qd4
Be7 15. Qc3 Ne4 16. Qxc7 Nxg5 17. Qe5 Bf6 18. Qe3 Bxa1 19. Rxa1 Re8 20. Qd2 Ne4
21. Qf4 Qf6 22. Qxf6 Nxf6 23. Nc7 Rac8 24. Nxe8 Rxe8 25. h3 g6 26. Rc1 d4 27.
a4 Nd5 28. a5 Nc3 29. a6 Ne2+ 30. Kf1 Nxc1 31. g3 Rc8 32. Ke1 Rxc2 33. Kd1 d3
34. f4 Rc6 35. Kd2 Kg7 36. g4 Kf6 37. h4 h5 38. g5+ Kf5 39. Kd1 Kxf4 40. Kd2
Kf3 41. Kd1 Nb3 42. Ke1 d2+ 43. Kd1 Rc1# 0-1

[Event "Junior Online 4NCL Division 5"]
[Site "online"]
[Date "2020.05.28"]
[Round "7.133"]
[White "Morrison, Matthew"]
[Black "Pipalia, Rishi"]
[Result "0-1"]
[WhiteElo "1217"]
[BlackElo "1105"]
[PlyCount "150"]
[EventDate "2020.05.28"]
[WhiteTeam "Surbiton Juniors B"]
[BlackTeam "Harrow Juniors E"]

1. d4 e5 2. dxe5 Nc6 3. Nf3 Qe7 4. Bf4 Qb4+ 5. Nbd2 Qxf4 6. e3 Qb4 7. b3 f6 8.
exf6 Nxf6 9. Bc4 b5 10. Bd3 Bb7 11. O-O O-O-O 12. h3 g6 13. Qe2 a6 14. a4 Kb8
15. axb5 axb5 16. Bxb5 Bg7 17. Ba6 Nd5 18. Ra4 Qb6 19. Bxb7 Qxb7 20. e4 Nc3 21.
Qc4 Nxa4 22. Qxa4 Qa7 23. Qb5+ Qb6 24. Qg5 Na7 25. e5 h6 26. Qf4 Rhf8 27. Qe4
d5 28. Qe2 Nc6 29. e6 Rfe8 30. c4 dxc4 31. Qxc4 Na5 32. Qc2 Rxe6 33. Rc1 Rc6
34. Nc4 Nxc4 35. bxc4 Qc5 36. Qb3+ Kc8 37. Rb1 Rb6 38. Qc2 Rxb1+ 39. Qxb1 Qxc4
40. Qxg6 Qf4 41. Kf1 Qe4 42. Qxe4 Rd1+ 43. Ne1 Bc3 44. Qe6+ Kb7 45. Qe4+ Kc8
46. Kg1 Rxe1+ 47. Qxe1 Bxe1 48. Kf1 Bc3 49. Ke2 Bf6 50. Ke3 Kd7 51. f4 Ke6 52.
g4 c6 53. Ke4 Kd7 54. f5 Kd6 55. Kf4 c5 56. Ke3 Kd5 57. Kd3 c4+ 58. Kd2 Kd4 59.
Kc2 c3 60. Kc1 Ke3 61. Kc2 Kf4 62. Kc1 Kg3 63. Kc2 Kxh3 64. Kc1 Kxg4 65. Kc2
Kxf5 66. Kd3 h5 67. Kc2 h4 68. Kd3 h3 69. Kc2 h2 70. Kd3 h1=Q 71. Kc2 Qg2+ 72.
Kb3 c2 73. Kc4 c1=Q+ 74. Kb5 Qgb2+ 75. Ka4 Qca1# 0-1

[Event "Junior Online 4NCL Division 5"]
[Site "online"]
[Date "2020.05.28"]
[Round "7.134"]
[White "Evans, Joseph"]
[Black "Thompson, Noah"]
[Result "1-0"]
[WhiteElo "1007"]
[BlackElo "1000"]
[PlyCount "93"]
[EventDate "2020.05.28"]
[WhiteTeam "Harrow Juniors E"]
[BlackTeam "Surbiton Juniors B"]

1. c4 g6 2. g3 Bg7 3. Bg2 Nc6 4. e3 Nf6 5. Ne2 O-O 6. O-O e5 7. Nbc3 d6 8. b3
Bf5 9. Ba3 a5 10. c5 Nb4 11. cxd6 Bc2 12. Bxb4 axb4 13. Qxc2 bxc3 14. dxc3 cxd6
15. Bxb7 Rb8 16. Bg2 d5 17. Rfd1 e4 18. Nd4 Rc8 19. Nb5 Qd7 20. Nd4 Ng4 21. Qe2
Rxc3 22. Bh3 f5 23. Rac1 Rxc1 24. Rxc1 Qa7 25. Rd1 Ra8 26. a4 Rb8 27. Qb2 Bxd4
28. exd4 e3 29. fxe3 Nxe3 30. Rd3 Ng4 31. Bxg4 fxg4 32. Qa3 Re8 33. Rd1 Qa5 34.
b4 Qc7 35. a5 Re6 36. Rc1 Qe7 37. Qa1 Qxb4 38. a6 Qb6 39. a7 Re8 40. a8=Q Rxa8
41. Qxa8+ Kg7 42. Qxd5 Qb2 43. Rf1 Qe2 44. Qf7+ Kh6 45. Qf4+ Kg7 46. d5 Qa6 47.
Qf8# 1-0

[Event "Junior Online 4NCL Division 5"]
[Site "online"]
[Date "2020.05.28"]
[Round "7.135"]
[White "Rajesh, Shradha"]
[Black "Chen, Zian Eric"]
[Result "0-1"]
[WhiteElo "1240"]
[BlackElo "1315"]
[PlyCount "88"]
[EventDate "2020.05.28"]
[WhiteTeam "Harrow Juniors E"]
[BlackTeam "Surbiton Juniors B"]

1. c4 e5 2. Nc3 Bb4 3. e3 Bxc3 4. bxc3 Nf6 5. d4 e4 6. Ba3 Nc6 7. Qc2 d5 8.
cxd5 Qxd5 9. c4 Qd7 10. g3 h6 11. Bg2 b6 12. Bxe4 Nxe4 13. Qxe4+ Qe6 14. Qxe6+
Bxe6 15. d5 Bd7 16. dxc6 Bxc6 17. Ne2 Bxh1 18. O-O-O Bf3 19. Re1 Bxe2 20. Rxe2
c5 21. Rd2 O-O 22. Bb2 Rad8 23. Re2 a6 24. f4 b5 25. cxb5 axb5 26. Rc2 c4 27.
Bc3 f6 28. Rb2 Rb8 29. Bb4 Rfe8 30. Bd6 Rb7 31. Re2 Rd7 32. Bc5 g5 33. fxg5
fxg5 34. e4 Rb7 35. Kc2 b4 36. Kb2 c3+ 37. Kb3 Rc8 38. Bxb4 Rbc7 39. Re3 c2 40.
Bd2 c1=Q 41. Bxc1 Rxc1 42. e5 Rb8+ 43. Ka3 Rc7 44. e6 Ra7# 0-1

[Event "Junior Online 4NCL Division 5"]
[Site "online"]
[Date "2020.05.28"]
[Round "7.136"]
[White "Baguley, Rory"]
[Black "Cann, Arthur"]
[Result "0-1"]
[WhiteElo "1187"]
[BlackElo "1240"]
[PlyCount "126"]
[EventDate "2020.05.28"]
[WhiteTeam "Surbiton Juniors B"]
[BlackTeam "Harrow Juniors E"]

1. e4 e5 2. Nf3 Nc6 3. Bc4 Nf6 4. Ng5 Qe7 5. Nc3 d6 6. O-O Nd7 7. Bxf7+ Kd8 8.
Bd5 Qxg5 9. d3 Qg6 10. Be3 Nf6 11. Bc4 Bh3 12. g3 Bxf1 13. Kxf1 Ng4 14. Bc1
Nxh2+ 15. Ke2 Qg4+ 16. Ke1 Nf3+ 17. Kf1 Nh2+ 18. Kg2 Qxd1 19. Nxd1 Ng4 20. Bg5+
Be7 21. Bd2 h6 22. Nc3 Bg5 23. f4 exf4 24. gxf4 Bf6 25. Nd5 b6 26. Nxf6 Nxf6
27. e5 dxe5 28. fxe5 Nxe5 29. Ba6 g5 30. Bc3 Re8 31. Bb5 Re6 32. d4 Ned7 33. d5
Nxd5 34. Bd4 c5 35. Bf2 Nf4+ 36. Kg3 h5 37. Bc4 Ne2+ 38. Kf3 Re7 39. Re1 Nd4+
40. Kg2 Rxe1 41. Bxe1 g4 42. Bd5 Rc8 43. Bh4+ Ke8 44. Kg3 Ne2+ 45. Kf2 Nc1 46.
Ke1 Ne5 47. Kd1 Ng6 48. Bg5 g3 49. Kxc1 Kd7 50. Kd2 Rf8 51. Kd3 Rf5 52. Be4
Rxg5 53. Ke3 g2 54. Bxg2 Rxg2 55. Kd3 h4 56. Ke3 h3 57. Kf3 Rg5 58. c4 h2 59.
Ke4 h1=Q+ 60. Ke3 Qf1 61. Kd2 Qf3 62. Kc1 Qe2 63. b3 Rg1# 0-1

[Event "Junior Online 4NCL Division 5"]
[Site "online"]
[Date "2020.05.28"]
[Round "7.137"]
[White "Pipalia, Rishi"]
[Black "Morrison, Matthew"]
[Result "0-1"]
[WhiteElo "1105"]
[BlackElo "1217"]
[PlyCount "30"]
[EventDate "2020.05.28"]
[WhiteTeam "Harrow Juniors E"]
[BlackTeam "Surbiton Juniors B"]

1. e4 e5 2. Nf3 Nc6 3. Bc4 Nf6 4. Nc3 Bc5 5. d3 O-O 6. Be3 Bxe3 7. fxe3 d6 8.
d4 exd4 9. exd4 Qe7 10. e5 dxe5 11. dxe5 Nxe5 12. O-O Nxc4 13. Re1 Qc5+ 14. Qd4
Qxd4+ 15. Nxd4 Nxb2 0-1

[Event "Junior Online 4NCL Division 5"]
[Site "online"]
[Date "2020.05.28"]
[Round "7.138"]
[White "Thompson, Noah"]
[Black "Evans, Joseph"]
[Result "0-1"]
[WhiteElo "1000"]
[BlackElo "1007"]
[PlyCount "72"]
[EventDate "2020.05.28"]
[WhiteTeam "Surbiton Juniors B"]
[BlackTeam "Harrow Juniors E"]

1. e4 c5 2. Bc4 e6 3. f4 g6 4. b3 Bg7 5. c3 Qh4+ 6. g3 Qd8 7. d4 cxd4 8. cxd4
Qa5+ 9. Bd2 Qd8 10. Qe2 Bxd4 11. Nc3 Bg7 12. g4 Qa5 13. f5 Bxc3 14. Rc1 Bxd2+
15. Qxd2 Qxd2+ 16. Kxd2 gxf5 17. gxf5 Ne7 18. fxe6 dxe6 19. Bb5+ Bd7 20. Ba4
O-O 21. Nf3 Rc8 22. Rhg1+ Kh8 23. Rcd1 Bxa4 24. bxa4 Rg8 25. Rxg8+ Kxg8 26.
Rg1+ Kh8 27. Ng5 Kg8 28. Nxe6+ Kh8 29. Nc7 Ng6 30. Nxa8 Ne5 31. Nc7 Nf3+ 32.
Ke2 Nxg1+ 33. Kf2 Nh3+ 34. Kg3 Ng5 35. Nd5 Nxe4+ 36. Kf4 Nd6 0-1

[Event "Junior Online 4NCL Division 5"]
[Site "online"]
[Date "2020.05.28"]
[Round "7.141"]
[White "Cheema, Jaideep C"]
[Black "Goldsmith, Henry"]
[Result "1-0"]
[WhiteElo "1337"]
[BlackElo "778"]
[PlyCount "91"]
[EventDate "2020.05.28"]
[WhiteTeam "Brentwood 2"]
[BlackTeam "Rhydypenau Raiders"]

1. e4 e5 2. Nf3 Nc6 3. Bc4 Bc5 4. d3 d6 5. Nc3 Be6 6. Bb3 Nf6 7. Be3 O-O 8.
Bxc5 dxc5 9. O-O Bxb3 10. axb3 Nd4 11. Nxe5 Qe8 12. Nf3 Nxf3+ 13. Qxf3 Qe5 14.
Qg3 Qxg3 15. fxg3 h6 16. Nd5 Nxd5 17. exd5 Rfe8 18. Rfe1 Kf8 19. Kf2 f6 20.
Rxe8+ Kxe8 21. Re1+ Kd7 22. Ke3 Re8+ 23. Kd2 Re5 24. Rxe5 fxe5 25. Ke3 Kd6 26.
c4 a6 27. Ke4 c6 28. dxc6 bxc6 29. Kf5 g5 30. g4 a5 31. g3 Ke7 32. Kxe5 Kf7 33.
Kf5 Kg7 34. Ke6 Kg6 35. Ke5 h5 36. h3 hxg4 37. hxg4 Kg7 38. Kf5 Kh6 39. Kf6 a4
40. bxa4 Kh7 41. a5 Kg8 42. a6 Kf8 43. a7 Ke8 44. a8=Q+ Kd7 45. Qb7+ Kd6 46.
Qe7# 1-0

[Event "Junior Online 4NCL Division 5"]
[Site "online"]
[Date "2020.05.28"]
[Round "7.142"]
[White "Morgan, Emyr"]
[Black "Antonopoulos, Chris"]
[Result "0-1"]
[WhiteElo "757"]
[BlackElo "1307"]
[PlyCount "82"]
[EventDate "2020.05.28"]
[WhiteTeam "Rhydypenau Raiders"]
[BlackTeam "Brentwood 2"]

1. e4 c6 2. d4 d5 3. exd5 cxd5 4. Bb5+ Bd7 5. Bxd7+ Nxd7 6. Nc3 Ngf6 7. Nf3 e6
8. Bf4 Bb4 9. a3 Bxc3+ 10. bxc3 O-O 11. Bd6 Re8 12. Ng5 Nb6 13. Be5 h6 14. Bxf6
Qxf6 15. Nh3 e5 16. O-O exd4 17. c4 dxc4 18. Qf3 Qxf3 19. gxf3 Re6 20. Nf4 Rf6
21. Nh5 Rxf3 22. Rfe1 Rf5 23. Ng3 Rg5 24. Rad1 Rd8 25. c3 d3 26. f4 Rg4 27. Kf1
Rxf4+ 28. Kg1 Nd5 29. Nh5 Rg4+ 30. Kf1 Nxc3 31. Rc1 d2 32. Rcd1 Nxd1 33. Rxd1
c3 34. Ke2 Rg2+ 35. Kf3 Rxh2 36. Nf4 c2 37. Rg1 d1=Q+ 38. Rxd1 cxd1=Q+ 39. Ke4
Re8+ 40. Kf5 g6+ 41. Kf6 Qd4# 0-1

[Event "Junior Online 4NCL Division 5"]
[Site "online"]
[Date "2020.05.28"]
[Round "7.143"]
[White "Kriel, Daniel"]
[Black "Greenman, Max"]
[Result "1-0"]
[WhiteElo "1090"]
[BlackElo "561"]
[PlyCount "87"]
[EventDate "2020.05.28"]
[WhiteTeam "Brentwood 2"]
[BlackTeam "Rhydypenau Raiders"]

1. e4 e5 2. Nf3 Nc6 3. Nc3 Nf6 4. Bc4 Bc5 5. d3 O-O 6. Bg5 Nb4 7. a3 c6 8. axb4
Bb6 9. O-O Re8 10. h3 Bd4 11. Nxd4 exd4 12. Na4 b5 13. Bxf7+ Kxf7 14. Nc5 Re5
15. Bxf6 Qxf6 16. Nb3 Kg8 17. Nxd4 Rg5 18. Qf3 Qxd4 19. c3 Qd6 20. d4 Qb8 21.
e5 d6 22. Qf4 Rf5 23. Qe4 d5 24. Qd3 Rg5 25. Rfe1 Bf5 26. Qf3 Qf8 27. e6 Re8
28. g4 Bxe6 29. Qxf8+ Rxf8 30. Rxe6 Rc8 31. Rxa7 h6 32. Kg2 h5 33. f3 hxg4 34.
hxg4 c5 35. bxc5 b4 36. cxb4 g6 37. c6 Rb8 38. c7 Rf8 39. Rea6 Re5 40. dxe5 d4
41. Ra8 Rxa8 42. Rxa8+ Kf7 43. c8=Q d3 44. Qd7# 1-0

[Event "Junior Online 4NCL Division 5"]
[Site "online"]
[Date "2020.05.28"]
[Round "7.144"]
[White "Kong, Emma"]
[Black "Coppell, Gracie"]
[Result "1-0"]
[WhiteElo "599"]
[BlackElo "1000"]
[PlyCount "47"]
[EventDate "2020.05.28"]
[WhiteTeam "Rhydypenau Raiders"]
[BlackTeam "Brentwood 2"]

1. e4 e5 2. Nf3 Nc6 3. Nc3 Nf6 4. Bc4 Bc5 5. d3 O-O 6. Bg5 d6 7. Qe2 b6 8. Bb5
Nb4 9. O-O-O Bb7 10. a3 Na6 11. Nd5 Nb8 12. h3 Bxd5 13. exd5 Nxd5 14. Bxd8 Rxd8
15. Qe4 f5 16. Qxd5+ Kf8 17. Qxa8 Re8 18. Bxe8 Kxe8 19. Qxb8+ Kd7 20. Qxa7 Kc6
21. Rhe1 b5 22. Qa6+ Kd7 23. Nxe5+ Ke7 24. Nc6+ 1-0

[Event "Junior Online 4NCL Division 5"]
[Site "online"]
[Date "2020.05.28"]
[Round "7.145"]
[White "Goldsmith, Henry"]
[Black "Cheema, Jaideep C"]
[Result "0-1"]
[WhiteElo "778"]
[BlackElo "1337"]
[PlyCount "134"]
[EventDate "2020.05.28"]
[WhiteTeam "Rhydypenau Raiders"]
[BlackTeam "Brentwood 2"]

1. e4 e5 2. Nf3 Nc6 3. Bc4 Bc5 4. Nc3 h6 5. d3 Nf6 6. h3 d6 7. Be3 Bb6 8. Qd2
Be6 9. Bxe6 fxe6 10. Bxb6 axb6 11. a3 Qe7 12. O-O-O O-O 13. g4 Nd4 14. Nxd4
exd4 15. Ne2 e5 16. f4 Nd7 17. f5 Qg5 18. Qxg5 hxg5 19. h4 gxh4 20. Rh3 Kf7 21.
Rxh4 Rh8 22. Rxh8 Rxh8 23. g5 g6 24. fxg6+ Kxg6 25. Rg1 Rh5 26. Kd2 Rxg5 27.
Rxg5+ Kxg5 28. c3 dxc3+ 29. Nxc3 Kf6 30. Kc2 Ke7 31. Kb3 Nc5+ 32. Kc4 Kd7 33.
b4 Ne6 34. Nd5 Nf4 35. b5 Nxd5 36. Kxd5 c6+ 37. bxc6+ bxc6+ 38. Kc4 Kc7 39. a4
Kb7 40. Kb4 Ka6 41. Kb3 Ka5 42. Ka3 d5 43. exd5 cxd5 44. Kb3 e4 45. dxe4 dxe4
46. Kc2 Kxa4 47. Kd2 b5 48. Ke3 b4 49. Kxe4 b3 50. Kd3 Ka3 51. Kd2 Ka2 52. Kc1
b2+ 53. Kc2 b1=Q+ 54. Kc3 Qb3+ 55. Kd4 Kb2 56. Ke5 Kc3 57. Ke4 Qd1 58. Kf4 Qe2
59. Kf5 Qe3 60. Kf6 Qe4 61. Kf7 Qe5 62. Kf8 Qe6 63. Kg7 Kd4 64. Kf8 Qd7 65. Kg8
Ke5 66. Kf8 Kf6 67. Kg8 Qg7# 0-1

[Event "Junior Online 4NCL Division 5"]
[Site "online"]
[Date "2020.05.28"]
[Round "7.146"]
[White "Antonopoulos, Chris"]
[Black "Morgan, Emyr"]
[Result "1-0"]
[WhiteElo "1307"]
[BlackElo "757"]
[PlyCount "71"]
[EventDate "2020.05.28"]
[WhiteTeam "Brentwood 2"]
[BlackTeam "Rhydypenau Raiders"]

1. e4 e5 2. Nf3 Nc6 3. Bc4 Bc5 4. O-O Nf6 5. d3 O-O 6. Bg5 h6 7. Bh4 g5 8. Bg3
Nd4 9. Bxe5 Ng4 10. Nxd4 d6 11. h3 dxe5 12. Nf5 Bxf5 13. hxg4 Be6 14. Bb5 Bd4
15. c3 Bb6 16. Nd2 c6 17. Bc4 Bxc4 18. Nxc4 Bc7 19. Qf3 b5 20. Ne3 a5 21. Nf5
c5 22. a3 Ra6 23. Qh3 Qf6 24. b4 cxb4 25. axb4 axb4 26. Rxa6 Qxa6 27. cxb4 Re8
28. Nxh6+ Kf8 29. Qh5 Qe6 30. Ra1 Rd8 31. Ra7 Rd7 32. Ra8+ Bd8 33. Qxg5 Ke8 34.
Qg8+ Ke7 35. Nf5+ Kf6 36. Qg7# 1-0

[Event "Junior Online 4NCL Division 5"]
[Site "online"]
[Date "2020.05.28"]
[Round "7.147"]
[White "Greenman, Max"]
[Black "Kriel, Daniel"]
[Result "1-0"]
[WhiteElo "561"]
[BlackElo "1090"]
[PlyCount "59"]
[EventDate "2020.05.28"]
[WhiteTeam "Rhydypenau Raiders"]
[BlackTeam "Brentwood 2"]

1. d4 d5 2. Nc3 Nf6 3. Bf4 a6 4. e3 Nc6 5. Bd3 e6 6. Nf3 Bb4 7. Qd2 Ne4 8. Bxe4
dxe4 9. Ng5 Qd7 10. Ngxe4 h6 11. O-O O-O 12. a3 Bxc3 13. Qxc3 b5 14. Bxh6 gxh6
15. Nf6+ Kg7 16. Nxd7 Bxd7 17. d5+ Kg8 18. dxc6 Bc8 19. e4 f6 20. e5 f5 21.
Qg3+ Kf7 22. Qh4 Rg8 23. Qf6+ Ke8 24. Rad1 Rf8 25. Qd8+ Kf7 26. Qf6+ Kg8 27.
Qxh6 a5 28. Rd3 Ba6 29. Qg6+ Kh8 30. Rh3# 1-0

[Event "Junior Online 4NCL Division 5"]
[Site "online"]
[Date "2020.05.28"]
[Round "7.148"]
[White "Coppell, Gracie"]
[Black "Kong, Emma"]
[Result "0-1"]
[WhiteElo "1000"]
[BlackElo "599"]
[PlyCount "52"]
[EventDate "2020.05.28"]
[WhiteTeam "Brentwood 2"]
[BlackTeam "Rhydypenau Raiders"]

1. e4 e5 2. Nf3 Nc6 3. Nc3 Nf6 4. Bc4 Bc5 5. d3 d6 6. O-O Bg4 7. h3 Be6 8. b3
Qe7 9. Qe2 O-O-O 10. Bxe6+ fxe6 11. Be3 Bxe3 12. fxe3 d5 13. Rae1 d4 14. Ng5
dxc3 15. Nf3 Nb4 16. Qd1 Nxa2 17. d4 exd4 18. Nxd4 Nxe4 19. Re2 e5 20. Nf5 Rxd1
21. Nxe7+ Kd8 22. Rxd1+ Kxe7 23. Ree1 Nb4 24. Rf1 Nxc2 25. Rd7+ Kxd7 26. Rf7+
Ke6 0-1

[Event "Junior Online 4NCL Division 5"]
[Site "online"]
[Date "2020.05.28"]
[Round "7.153"]
[White "Saxby, Ben"]
[Black "Hariharan, Shambavi"]
[Result "0-1"]
[WhiteElo "917"]
[BlackElo "1060"]
[PlyCount "86"]
[EventDate "2020.05.28"]
[WhiteTeam "Manchester Juniors C"]
[BlackTeam "Maid Marians 2"]

1. d4 d5 2. Nf3 c6 3. Nc3 Bf5 4. Bf4 Nf6 5. Be5 Nbd7 6. Bxf6 Nxf6 7. Nh4 Bg6 8.
f4 e6 9. e3 Bd6 10. Ne2 Qc7 11. Ng3 a6 12. Be2 Be4 13. Nh5 Nxh5 14. Bxh5 g6 15.
Bf3 Qe7 16. O-O Qxh4 17. g3 Bxf3 18. gxh4 Bxd1 19. Raxd1 O-O-O 20. e4 Bxf4 21.
Rxf4 Rhf8 22. Rdf1 f5 23. R1f3 dxe4 24. Rb3 Rxd4 25. Rf1 Rfd8 26. c3 Rd1 27.
Kg2 R8d2+ 28. Kg3 Rxf1 29. c4 f4+ 30. Kg4 Rg2+ 31. Kh3 Rff2 32. h5 Rxh2+ 33.
Kg4 gxh5+ 34. Kg5 e3 35. Kh6 e2 36. c5 e1=Q 37. Rg3 Rhg2 38. Rg7 Rxg7 39. Kxg7
Qg1+ 40. Kf6 Qg6+ 41. Ke7 Qg7+ 42. Kxe6 Re2+ 43. Kf5 Qe5# 0-1

[Event "Junior Online 4NCL Division 5"]
[Site "online"]
[Date "2020.05.28"]
[Round "7.154"]
[White "Pitts, Hannah"]
[Black "Winser, Frederick"]
[Result "0-1"]
[WhiteElo "1037"]
[BlackElo "947"]
[PlyCount "92"]
[EventDate "2020.05.28"]
[WhiteTeam "Maid Marians 2"]
[BlackTeam "Manchester Juniors C"]

1. e4 e5 2. Nf3 Nc6 3. Nc3 Nf6 4. Bc4 Bd6 5. d3 O-O 6. Be3 Be7 7. d4 d6 8. dxe5
dxe5 9. Qxd8 Rxd8 10. Ng5 Be6 11. Bxe6 fxe6 12. Nxe6 Rd7 13. Bg5 Nb4 14. Bxf6
Nxc2+ 15. Kf1 Nxa1 16. Bxe7 Rxe7 17. Ke2 Nc2 18. Ng5 Nd4+ 19. Kf1 Rf8 20. Nd1
Rd7 21. Ne6 Nxe6 22. Ke2 Nf4+ 23. Ke3 Nxg2+ 24. Ke2 Rf4 25. Rg1 Rg4 26. Ne3
Nf4+ 27. Kf1 Rxg1+ 28. Kxg1 Nd3 29. b3 Nc1 30. Nf5 Nxa2 31. Ng3 c5 32. Ne2 b5
33. Nc3 Nxc3 34. Kf1 Nxe4 35. Ke2 c4 36. bxc4 bxc4 37. Ke3 c3 38. Kxe4 c2 39.
Kxe5 c1=Q 40. Ke6 Rd1 41. Ke7 Qf4 42. Ke8 Re1+ 43. Kd8 Qd2+ 44. Kc8 Rc1+ 45.
Kb8 Qb2+ 46. Kxa7 Ra1# 0-1

[Event "Junior Online 4NCL Division 5"]
[Site "online"]
[Date "2020.05.28"]
[Round "7.157"]
[White "Hariharan, Shambavi"]
[Black "Saxby, Ben"]
[Result "1-0"]
[WhiteElo "1060"]
[BlackElo "917"]
[PlyCount "47"]
[EventDate "2020.05.28"]
[WhiteTeam "Maid Marians 2"]
[BlackTeam "Manchester Juniors C"]

1. d4 d5 2. Bf4 Nc6 3. Nf3 Bf5 4. e3 Nf6 5. c3 Ne4 6. Nbd2 e6 7. Bd3 Bd6 8. Bg3
Bxg3 9. hxg3 e5 10. Bxe4 dxe4 11. Nxe5 Nxe5 12. dxe5 O-O 13. Qc2 Re8 14. g4
Bxg4 15. Qxe4 Bd7 16. Qxh7+ Kf8 17. Qh8+ Ke7 18. Qh4+ Kf8 19. Qf4 Ke7 20. Qg5+
f6 21. Qxg7+ Ke6 22. Qg4+ f5 23. Rh6+ Kd5 24. Qd4# 1-0

[Event "Junior Online 4NCL Division 5"]
[Site "online"]
[Date "2020.05.28"]
[Round "7.158"]
[White "Winser, Frederick"]
[Black "Pitts, Hannah"]
[Result "1-0"]
[WhiteElo "947"]
[BlackElo "1037"]
[PlyCount "75"]
[EventDate "2020.05.28"]
[WhiteTeam "Manchester Juniors C"]
[BlackTeam "Maid Marians 2"]

1. e4 e5 2. Nf3 Nf6 3. Nc3 Nc6 4. d4 exd4 5. Nxd4 d5 6. Nxc6 bxc6 7. exd5 Nxd5
8. Bc4 Nxc3 9. bxc3 Qxd1+ 10. Kxd1 Bg4+ 11. Be2 Bf5 12. Bf3 Rd8+ 13. Bd2 g6 14.
Bxc6+ Ke7 15. Re1+ Be6 16. Kc1 Bg7 17. Bg5+ Bf6 18. Bxf6+ Kxf6 19. Kb2 Bf5 20.
Be4 Bxe4 21. Rxe4 Rd2 22. Rf4+ Kg7 23. Re1 Rb8+ 24. Kc1 Rd6 25. Re7 Rf8 26.
Rxc7 Rd5 27. Rxa7 Rg5 28. g3 Rh5 29. h4 g5 30. Rg4 Kh8 31. hxg5 Rh2 32. f4 Rh1+
33. Kb2 Rb8+ 34. Ka3 Kg7 35. Rh4 Re1 36. f5 Kf8 37. Rxh7 Ke8 38. Rh8# 1-0

[Event "Junior Online 4NCL Division 5"]
[Site "online"]
[Date "2020.05.28"]
[Round "7.161"]
[White "Shen, Alex"]
[Black "Conway, Tom"]
[Result "0-1"]
[WhiteElo "1277"]
[BlackElo "747"]
[PlyCount "116"]
[EventDate "2020.05.28"]
[WhiteTeam "Leicestershire Juniors 3"]
[BlackTeam "Gonzaga College SJ D"]

1. e4 e5 2. Nf3 Nc6 3. Bc4 Bc5 4. Nc3 d6 5. O-O Bg4 6. h3 Bh5 7. d3 h6 8. Be3
Bb6 9. a3 Nf6 10. Qe2 O-O 11. b4 Qd7 12. b5 Nd8 13. Nd5 Nxd5 14. Bxd5 Rb8 15.
a4 Kh8 16. c4 c6 17. a5 Bxe3 18. bxc6 Bxf2+ 19. Qxf2 bxc6 20. Bxc6 Nxc6 21. Nd2
Nd4 22. Rfe1 Rb2 23. Rab1 Rfb8 24. Rxb2 Rxb2 25. Rb1 Rxb1+ 26. Nxb1 Qa4 27. Qd2
Qd1+ 28. Qxd1 Bxd1 29. Nc3 Bc2 30. Nd5 Bxd3 31. Ne7 Bxe4 32. Nc8 d5 33. cxd5
Bxd5 34. Nxa7 Nc6 35. Nxc6 Bxc6 36. a6 Kg8 37. a7 Kf8 38. g4 Ke7 39. h4 g5 40.
h5 Kd7 41. a8=N Bxa8 42. Kf2 Ke6 43. Ke3 f5 44. gxf5+ Kxf5 45. Kd3 g4 46. Ke3
g3 47. Ke2 Kg4 48. Kf1 Kxh5 49. Kg1 Kg4 50. Kf1 h5 51. Kg1 h4 52. Kf1 h3 53.
Kg1 h2+ 54. Kf1 h1=Q+ 55. Ke2 Qf3+ 56. Ke1 Qf2+ 57. Kd1 g2 58. Kc1 g1=Q# 0-1